| 000 | 00804nam a2200241Ia 4500 | ||
|---|---|---|---|
| 003 | GCL | ||
| 008 | 140319s9999 xx 000 0 ara d | ||
| 040 |
_aGCL / _cGCL |
||
| 082 | 0 | 4 |
_a350.711 _bا ص |
| 100 | 1 | _aانور العمروسى | |
| 245 | 1 | 0 |
_aالصيغ القضائية الحديثة فى العقود معلقا عليها بالفقه واحكام النقض / _cانور العمروسى |
| 260 |
_a[S.N] : _bفؤاد هاشم الكتبى ، _c1993 |
||
| 300 | _a2 مجلد | ||
| 490 | _a | ||
| 650 | 0 | 4 | _aالقانون |
| 650 | 0 | 4 | _aعقود البيع |
| 650 | 0 | 4 | _aالاحوال الشخصية |
| 650 | 0 | 4 | _aالقانون المدنى |
| 650 | 0 | 4 | _aالعقود |
| 650 | 0 | 4 | _aالاوراق المالية |
| 650 | 0 | 4 | _aالعقود الادارية |
| 942 |
_2ddc _cBK |
||
| 999 |
_c28037 _d28037 |
||